LEADER 00986nam0-22003251i-450- 001 990000523080403321 005 20080904125700.0 010 $a0-13-245499-8 035 $a000052308 035 $aFED01000052308 035 $a(Aleph)000052308FED01 035 $a000052308 100 $a20020821d1994----km-y0itay50------ba 101 0 $aeng 105 $aa-------001yy 200 1 $aReusable software$ethe base object-oriented component libraries$fBertrand Meyer 210 $aHertfordshire$cPrentice Hall$dİ1994 215 $aXX, 514 p.$cill.$d24 cm 225 1 $aPrentice Hall object-oriented series 610 0 $aProgrammazione a oggetti$aScienza dei computer 610 0 $aLinguaggi di programmazione$aEiffel 676 $a005.133 700 1$aMeyer,$bBertrand$09043 801 0$aIT$bUNINA$gRICA$2UNIMARC 901 $aBK 912 $a990000523080403321 952 $a10 P.T. 672$bDIS 3157$fDINEL 959 $aDINEL 996 $aReusable software$9331267 997 $aUNINA LEADER 00794nam0-22002771i-450 001 990001715160403321 005 20170515145441.0 035 $a000171516 035 $aFED01000171516 035 $a(Aleph)000171516FED01 035 $a000171516 100 $a20030910d1939----km-y0itay50------ba 101 0 $aita 200 1 $a<>mel$esuas aplicacoes na docaria caseira$fMinisterio da Agricultura. 210 $aPorto$cReparticao de Estudos Informacao e Propaganda$d1939 215 $a91 p.$d25 cm 610 0 $aMiele 676 $a638.16 710 02$aPortogallo :$bMinisterio da agricultura$0355051 801 0$aIT$bUNINA$gRICA$2UNIMARC 901 $aBK 912 $a990001715160403321 952 $a60 638.16 B 1$b33858$fFAGBC 959 $aFAGBC 996 $aMel$9358955 997 $aUNINA